Quizzes
Events
Quiz Creation
Community
Videos
Private Events
Remove Ads
Sign In
Join for FREE
Feedback
Dark Mode
Quiz Categories
Sports
Geography
Music
Movies
Television
Just For Fun
Miscellaneous
History
Literature
Language
Science
Gaming
Entertainment
Religion
Holiday
For Kids
Quiz Lab
Recent
Popular Today
Quiz Kudos Today
Editor Picks
Curator Picks
Quizzes by...
Day
Popularity
Type
Ratings
Length
Year
Community
Subscriptions
Recent Discussions
Orange Saloon
Badges
Playlists
Quests
Create
Leaderboards
Showdown
Live 5
Trivia Bingo
Activity
Puzzle Library
Sporcle Events
Private Events
Virtual Trivia
Globe League
Become a Host
Pub Owners
SporcleCon
Opinionation
Our Games
Videos
Blog
Mobile Apps
Partnerships
Remove Ads and Go Orange
Feedback
Miscellaneous
Crossword
General Knowledge
Baby Names
Logo
Food
Cars
Numbers
Grab Bag
University
College
Popular
Company
Slogans
Restaurants
Justice
Letter
Miscellaneous
Crossword
General Knowledge
Baby Names
Logo
Food
Cars
Numbers
Grab Bag
University
College
Popular
Company
Slogans
Restaurants
Justice
Letter
Random Quiz
Search Sporcle
×
Quiz Lab
Quiz Lab
Miscellaneous
Top 100
Type in answers that appear in a list
Type in answers that appear in a list
Classic
Best Score? Go Orange.
Top 100 Boys Names (2010 in UK) Stats
Can you name the Top 100 Names (2010 in UK)?
By
bananasugar
6m
100 Questions
119 Plays
119 Plays
119 Plays
Comments
Comments
Give Quiz Kudos
Give Quiz Kudos
-
- Ratings
hide this ad
Replay
Link that replays current quiz
Next Quiz
Link to next quiz in quiz playlist
You Got
0%
They Got
Avg Score
44%
Avg Friend Score
Upgrade to see
Score Distribution
Jump to the score distribution portion of the page
Score
0/100
Timer
06:00
0
Plays Today
Names
% Correct
James
85.7%
Jack
83.2%
William
78.2%
John
75.6%
Harry
74.8%
Oliver
73.9%
Thomas
73.9%
George
73.1%
Joseph
73.1%
Matthew
73.1%
Ben
73.1%
Daniel
72.3%
Jacob
71.4%
David
71.4%
Henry
69.7%
Robert
68.9%
Benjamin
68.1%
Luke
67.2%
Joshua
66.4%
Edward
66.4%
Alex
66.4%
Michael
66.4%
Charles
66.4%
Sam
65.5%
Charlie
64.7%
Alexander
64.7%
Jake
63%
Samuel
59.7%
Adam
59.7%
Jamie
57.1%
Lucas
54.6%
Ethan
53.8%
Ryan
53.8%
Nathan
53.8%
Names
% Correct
Liam
52.9%
Alfie
52.1%
Lewis
50.4%
Louis
50.4%
Zachary
49.6%
Luca
49.6%
Connor
48.7%
Leo
46.2%
Noah
45.4%
Isaac
44.5%
Aaron
44.5%
Owen
43.7%
Dylan
42.9%
Leon
42.9%
Kyle
42.9%
Max
41.2%
Cameron
41.2%
Mohammed
40.3%
Logan
40.3%
Callum
40.3%
Freddie
40.3%
Brandon
40.3%
Jayden
39.5%
Evan
38.7%
Caleb
38.7%
Bradley
38.7%
Oscar
37%
Tyler
37%
Aiden
37%
Aidan
37%
Riley
34.5%
Mason
34.5%
Archie
31.9%
Taylor
31.1%
Names
% Correct
Kai
30.3%
Harrison
29.4%
Toby
29.4%
Mohammad
29.4%
Arthur
29.4%
Joel
28.6%
Hayden
27.7%
Bobby
27.7%
Frederick
27.7%
Muhammad
26.9%
Finlay
26.9%
Gabriel
26.1%
Finley
24.4%
Theo
22.7%
Kieran
22.7%
Harvey
21.8%
Sebastian
21%
Ashton
21%
Elliot
21%
Rhys
20.2%
Stanley
20.2%
Ollie
19.3%
Harley
18.5%
Kian
17.6%
Louie
17.6%
Reece
17.6%
Kayden
17.6%
Jude
16.8%
Reuben
13.4%
Bailey
13.4%
Jenson
10.1%
Dexter
9.2%
Quiz Playlist
Details
Report
Send in Message
Add To Playlist
Classic:
Type in answers that appear in a list
Quiz Source
Last Updated: Feb 16, 2017
Quiz Scoreboard
CHALLENGE
Sign Up to Join the Scoreboard
Show All
Scores
Hide
Comments
May contain spoilers
Recently Published
Billboard Blitz: Fleetwood Mac
by CooCooCachoo
Music
15s
Presidents Visiting Landmarks
by Hejman
History
7m
An Introduction to Baseball
by treessimontrees
Sports
5m
More to Explore
Quiz From the Vault
Featured Blog Post
Where Did the Easter Bunny Come From?
hide this ad
You Might Also Like...
Tags
100
2010
Boy
Top 100
Today's Top Quizzes in Miscellaneous
Browse Miscellaneous
hide this ad
Today's Top Quizzes in Top 100
Browse Top 100
Top Contributed Quizzes in Miscellaneous
1
5-to-1: Fast Food
2
The JOE quick-fire general knowledge quiz: Day 174
3
The JOE quick-fire general knowledge quiz: Day 173
4
5-to-1: Cocktails
5
The JOE quick-fire general knowledge quiz: Day 172
6
Sunday Crossword: Famous Bodies of Water
7
The JOE quick-fire general knowledge quiz: Day 171
8
One Thing in Common: United Kingdom II
9
Named After an Animal - Odd One Out!
10
The JOE quick-fire quiz: Day 170
Explore More
Trending Topics
Marvel
Crossword
Anime
Disney
Harry Potter
Kpop
NBA
Pokémon
Puzzle
The Office
WWE
Soccer
Country
NFL
Song
hide this ad
More By:
bananasugar
Quiz
Plays
Rating
Category
Featured
Created
Ed Sheeran - Lego House Lyrics
10,245
3.92
Music
Apr 5, 2012
Love Me Again - John Newman lyrics
527
2.83
Music
Jul 15, 2013
The Simpsons Quotes: Who Said it?
267
3.13
Television
Feb 26, 2012
Maths Additions
179
2.00
Just For Fun
Feb 27, 2012
Aston Villa Squad (February 2012)
179
4.00
Sports
Feb 27, 2012
Go to Creator's Profile
Score Distribution
Quiz Creator Spotlight
bananasugar
Follow
Send a Message
Quizzes Created
-
Created Quiz Play Count
-
More By This Creator
Popular Quizzes Today
1
Find the US States - No Outlines Minefield
2
Find the Countries of Europe - No Outlines Minefield
3
The Countries of the World
4
Find the US States
5
Risky Map Clicking: Biggest States A-Z
6
US States
7
Popular People in 1961
8
Movies - When Are They Set?
More Miscellaneous Quizzes
Fifteen Fives
Editor's Pick
Trending Quizzes
Risky Map Clicking: Least Populous States A-Z
1-10 Letter G Words
1-10 Letter F Words
Risky Map Clicking: Next State Alphabetically
Click the Washington State Counties! (Map)
Recently Updated
Leaping Animals
pecheneg
Reality TV Shows (A-Z)
bhenderson79
Rickey Henderson's Hall of Fame Teammates
pecheneg
Champions League XIs: Arsenal
pecheneg
Quick Pick: Celebrities in WWE's Hall of Fame
aduchscher
A-Z Keypad Blitz II
pecheneg
Multiple Oscar Actors
pecheneg
Mystery Phrase Blitz: Oscar 'Best Actors'
pecheneg
F. Scott Fitzgerald Novels
LTH
Pick 3 Villains
ddd62291
Trending Topics
NBA
Anime
Crossword
Harry Potter
Marvel
Disney
Kpop
The Office
Country
Pokémon
Puzzle
WWE
NFL
Soccer
Song
Your Account Isn't Verified!
In order to create a playlist on Sporcle, you need to verify the email address you used during registration. Go to your
Sporcle Settings
to finish the process.
Report this User
Report this user for behavior that violates our
Community Guidelines
.
Details:
Send Report
Go to the Sporcle.com Mobile Site →
Comments